000 00479nam a2200193Ia 4500
005 20250603145646.0
008 250603s9999 xx 000 0 und d
020 _a97781451173383
050 _aRC 903.9 .R46/
100 _aRennke G. Helmut
245 0 _aRenal pathophysiology : the essentials
250 _a4th ed.
260 _aPhiladelphia
260 _bLippincott Williams & Wilkins
260 _c2014
300 _a380 p
650 _aPhiladelphia
942 _cBK
999 _c42479
_d42479